Finančná kontrola na mieste
Zákon č. 357/2015 Z.z. o finančnej kontrole a audite a o zmene a doplnení niektorých zákonov. Analýza vybraných spôsobov jej výkonu, oprávnenia a tiež výstupov z kontrol. Aktuálna situácia vzťahujúca sa ku COVID-19.
Salvato in:
| Autore principale: | |
|---|---|
| Natura: | Capitolo di libro |
| Lingua: | slovacco |
| Soggetti: | |
| Tags: |
Nessun Tag, puoi essere il primo ad aggiungerne!!
|
MARC
| LEADER | 00000naa a2200000 4500 | ||
|---|---|---|---|
| 001 | 0266974 | ||
| 005 | 20200708121427.3 | ||
| 041 | 0 | |a slo | |
| 044 | |a SK | ||
| 245 | 1 | 0 | |a Finančná kontrola na mieste |c Jozef Sýkora |
| 520 | |a Zákon č. 357/2015 Z.z. o finančnej kontrole a audite a o zmene a doplnení niektorých zákonov. Analýza vybraných spôsobov jej výkonu, oprávnenia a tiež výstupov z kontrol. Aktuálna situácia vzťahujúca sa ku COVID-19. | ||
| 610 | 2 | 0 | |a kontrola finančná |
| 610 | 2 | 0 | |a legislatíva |
| 610 | 2 | 0 | |a obce |
| 610 | 2 | 0 | |a ochrana zdravia |
| 100 | 1 | |a Sýkora, Jozef | |